| 000 | 00589cam a22002171 4500 | ||
|---|---|---|---|
| 001 | 1696045 | ||
| 005 | 20180129032746.0 | ||
| 008 | 711216s1964 flu b 000 0 eng | ||
| 010 | _a 64024709 | ||
| 040 |
_aDLC _cDLC _dDLC |
||
| 041 | _aeng | ||
| 043 | _an-us--- | ||
| 080 | _a917.3 HAG | ||
| 082 | 0 | 0 | _a917.3 HAG |
| 100 | 1 | _a16 | |
| 101 | _aHIS | ||
| 245 | 1 | 0 |
_aAmerican character and culture; _cEdited by John A. Hague. |
| 504 | _aBibliographical footnotes. | ||
| 906 |
_a7 _bcbc _corignew _du _eocip _f19 _gy-gencatlg |
||
| 942 |
_2ddc _cBK |
||
| 999 |
_c41108 _d41108 |
||